| 000 | 00438 a2200133 4500 | ||
|---|---|---|---|
| 001 | 91531 | ||
| 082 | _aPR 1486 | ||
| 090 |
_c43667 _d43666 |
||
| 100 | _aJawad Mazhar; Prof Abdul Rehman, Advisor | ||
| 245 |
_aTo Study K-8 Avionics DATA BUS for Downloading Navigational DATA for the Design of an Indiginus Air Born Video Tape Recorder _n57 "B" EC |
||
| 260 |
_aRawalpindi _bNUST _c2003 |
||
| 300 | _aix, 58p | ||
| 500 | _aBE Project Reports | ||
| 942 |
_aCAE NUST _kPR 1486 |
||
| 999 |
_c326604 _d326604 |
||